1049 1318 1624 1036 1875 1302 1821 1769 1346 1802 1495 1236 1796 1749 1360 1421 1339 1605 1920 1984 1763 1549 1365 1703 1799 1613 1308 1008 1461 1663 1213 1229 1824 1516 1476 1538 1786 1823 1405 1864 1030 1497 1326 1442 1263 1607 1189 1029 1671 1756 1044 1386 1382 1982 1736 1991 1322 1104 1994 1434 1652 1734 1877 1854 1307 1694 1904 1182 1290 1072 1009 1791 1550 1979 1441 1800 1452 1934 1296 1876 1397 1956 1650 1586 1301 1966 1721 1642 1652 1814 1032 1186 1146 1814 1908 1046 1259 1604 1139 BCNSPRNW ULIB Ver.6.0+V

เปลี่ยนเป็นภาษาไทย

Change to English
 แสดงรายละเอียดบรรณานุกรม
  กลับหน้าหลัก

Brief Record : Get Marc (ISO 2709) : E-mail record : QR code < ปิดหน้าต่าง
LEADER : 00000nam 2200000uu 4500
001    13399125170
003     ULIB
008    161027s2549||||th 000 0 tha d
020    9742964386
099    ^aวจ.WM172^bว181ก
100 0  ^aวรวัฒน์ ไชยชาญ
245 00 ^aการใช้ Brief Psychiatric Rating Seale ในการทำนายระยะวันนอนในโรงพยาบาลของผู้ป่วยจิตเวช ^cวรวัฒน์ ไชยชาญ
260    ^aนครสวรรค์:^bโรงพยาบาลจิตเวชนครสวรรค์ราชนครินทร์ กรมสุขภาพจิต กระทรวงสาธารณสุข ,^c2549
945    ^p0^l0^i001427
999    ^aวรรณษา ชูชัยมงคล
รายการนี้ยังไม่มีแท็ก
คุณยังไม่ได้ล็อกอิน คุณสามารถมีกิจกรรมร่วมกับเว็บไซต์ได้ แต่ต้องล็อกอินก่อน ::
  ล็อกอิน

รายการสื่อสารสนเทศ

ลำดับที่ ประเภท เลขเรียก/บาร์โค้ด สถานที่ สถานะ
1. งานวิจัย
งานวิจัย
วจ.WM172 ว181ก ฉ.1 
  Barcode: 001427
ห้องสมุดวิทยาเขตสวรรค์ประชารักษ์
►วิจัย
บนชั้น

BibComment


ยังไม่เคยถูกคอมเมนท์

คอมเมนท์ทรัพยากรรายการนี้
  คอมเมนท์: การใช้ Brief Psy..


 Copyright 2026. Bcnsprnw @Library